logo

Bir Sreshtho Munshi Abdur Rouf Library
Jhenaidah Cadet College

দুশো ছেষট্টি দিনে স্বাধীনতা / (Record no. 6390)

MARC details
000 -LEADER
fixed length control field 00755nam a2200229 a 4500
001 - CONTROL NUMBER
JCCL Control Number 6390
003 - CONTROL NUMBER IDENTIFIER
JCCL marc code BD-JhCC
005 - DATE AND TIME OF LATEST TRANSACTION
control field 20180122174822.0
008 - FIXED-LENGTH DATA ELEMENTS--GENERAL INFORMATION
fixed length control field 180122s19971999bg |||| |||| 000 0 ben d
020 ## - INTERNATIONAL STANDARD BOOK NUMBER
International Standard Book Number 9843002296
035 ## - SYSTEM CONTROL NUMBER
system control number (BD-JhCC)6390
040 ## - CATALOGING SOURCE
Original cataloging agency BD-JhCC
Modifying agency BD-JhCC
041 ## - LANGUAGE CODE
Language code of Book ben
082 ## - DEWEY DECIMAL CLASSIFICATION NUMBER
Classification number 954
Author mark and Year KAD 1999
100 ## - MAIN ENTRY--PERSONAL NAME
Personal name কাদির, মুহাম্মদ নূরুল
245 ## - TITLE STATEMENT
Title দুশো ছেষট্টি দিনে স্বাধীনতা /
Statement of responsibility, etc মুহাম্মদ নূরুল কাদির,
260 ## - PUBLICATION, DISTRIBUTION, ETC. (IMPRINT)
Place of publication, distribution, etc ঢাকা :
Name of publisher, distributor, etc মুক্ত পাবলিশার্স,
Date of publication, distribution, etc 1999
300 ## - PHYSICAL DESCRIPTION
Pagination 688 p. :
Dimensions 29 cm.
650 ## - SUBJECT ADDED ENTRY--TOPICAL TERM
Topical term or geographic name as entry element Leberation War 1971
Geographic subdivision Bangladesh
942 ## - ADDED ENTRY ELEMENTS (KOHA)
Source of classification or shelving scheme Dewey Decimal Classification
Koha item type Books
Holdings
Source of classification or shelving scheme Damaged status Not for loan Home library Current library Shelving location Date of accession Cost, normal purchase price Full call number Barcode Date last seen Copy number Method of acquisition Koha item type Currency Total Checkouts
Dewey Decimal Classification     JCC Rouf Library JCC Rouf Library General Stacks 01/22/2018 2000.00 954 KAD 1999 198 01/22/2018 C-1 Purchase Books    
Dewey Decimal Classification     JCC Rouf Library JCC Rouf Library General Stacks 01/22/2018 3000.00 954 KAD 1999 199 01/22/2018 C-2   Books    
Dewey Decimal Classification     JCC Rouf Library JCC Rouf Library General Stacks 01/22/2018 2000.00 954 KAD 1999 196 01/22/2018 C-3   Books    
Dewey Decimal Classification     JCC Rouf Library JCC Rouf Library General Stacks 01/22/2018 4000.00 954 KAD 1999 195 01/22/2018 C-4   Books    
Dewey Decimal Classification     JCC Rouf Library JCC Rouf Library General Stacks 01/22/2018 2000.00 954 KAD 1999 197 01/22/2018 C-5   Books    

JCC Library | Contacts | JCC Home

Last Update on 23 September 2017
Copyright @ 2017-2020 JCC Rouf Library
Rouf Library, Jhenidah Cadet College (JCC), Bangladesh